[Event "Metropolitan GM (28th)"]
[Site "Los Angeles USA"]
[Date "2013.08.16"]
[Round "6"]
[White "Liou, Yian"]
[Black "Panjwani, Raja"]
[Result "1-0"]
[WhiteElo "2402"]
[BlackElo "2413"]
[PlyCount "75"]
[EventDate "2013.08.13"]
[EventType "tourn"]
[EventRounds "9"]
[EventCountry "USA"]
[EventCategory "8"]
[Source "Mark Crowther"]
[SourceDate "2013.09.03"]

1. e4 g6 2. d4 Bg7 3. Nf3 c6 4. h3 d6 5. Bd3 Nf6 6. c3 O-O 7. O-O Nbd7 8. e5
dxe5 9. dxe5 Nd5 10. Qe2 Nc5 11. Bc2 Qc7 12. Bd2 a5 13. a3 b5 14. b4 Ne6 15.
Re1 Nef4 16. Bxf4 Nxf4 17. Qe4 Bf5 18. Qxf4 Bxc2 19. Nbd2 Rad8 20. Rac1 Bf5 21.
Nb3 a4 22. Nc5 f6 23. Qh4 Rd5 24. Nd4 Qc8 25. e6 g5 26. Qg3 Bg6 27. Nd7 Rd6 28.
Nxf8 Qxf8 29. Qf3 Qe8 30. Nf5 Bxf5 31. Qxf5 Rd5 32. Qf3 Qd8 33. c4 bxc4 34.
Rxc4 Qd6 35. Qh5 h6 36. Qe8+ Kh7 37. Qxc6 Rd1 38. Qe4+ 1-0

[Event "Metropolitan GM (28th)"]
[Site "Los Angeles USA"]
[Date "2013.08.18"]
[Round "9"]
[White "Panjwani, Raja"]
[Black "Khachiyan, Melikset"]
[Result "1/2-1/2"]
[WhiteElo "2413"]
[BlackElo "2508"]
[PlyCount "40"]
[EventDate "2013.08.13"]
[EventType "tourn"]
[EventRounds "9"]
[EventCountry "USA"]
[EventCategory "8"]
[Source "Mark Crowther"]
[SourceDate "2013.09.03"]

1. d4 d5 2. c4 c6 3. cxd5 cxd5 4. Nc3 Nf6 5. Bf4 Nc6 6. Nf3 Bf5 7. e3 e6 8. Bd3
Bxd3 9. Qxd3 Bd6 10. Bxd6 Qxd6 11. O-O O-O 12. Rac1 Rac8 13. a3 a6 14. Rc2 Rc7
15. Rfc1 Rfc8 16. h3 Na5 17. Nd2 h6 18. Na4 Rxc2 19. Rxc2 Rxc2 20. Qxc2 Qc6
1/2-1/2

[Event "Quebec op inv."]
[Site "Montreal CAN"]
[Date "2013.07.21"]
[Round "1.19"]
[White "Panjwani, Raja"]
[Black "Ibrahim, Anthony"]
[Result "1-0"]
[WhiteElo "2409"]
[BlackElo "2161"]
[PlyCount "67"]
[EventDate "2013.07.21"]
[EventType "swiss"]
[EventRounds "9"]
[EventCountry "CAN"]

1. Nf3 Nf6 2. c4 e6 3. g3 d5 4. Bg2 Be7 5. O-O O-O 6. d4 c6 7. Nc3 Nbd7 8. Nd2
e5 9. dxe5 Nxe5 10. cxd5 Nxd5 11. Nxd5 cxd5 12. Nb3 Be6 13. Nd4 Nc6 14. Nxe6
fxe6 15. e4 d4 16. Qb3 Qd7 17. Bh3 Rf6 18. Bf4 Kh8 19. e5 Rg6 20. Bg2 Rf8 21.
Kh1 Rg4 22. Bd2 Nxe5 23. Rae1 Nc6 24. Bh3 Rg6 25. Bxe6 Qd8 26. f4 d3 27. f5
Rgf6 28. Bc3 Nd4 29. Qxb7 d2 30. Rd1 Rxe6 31. fxe6 Rxf1+ 32. Rxf1 Nc6 33. Qd7
Qa8 34. Qd5 1-0

[Event "Quebec op inv."]
[Site "Montreal CAN"]
[Date "2013.07.21"]
[Round "2"]
[White "Sokolov, Ivan"]
[Black "Panjwani, Raja"]
[Result "1-0"]
[WhiteElo "2650"]
[BlackElo "2409"]
[PlyCount "67"]
[EventDate "2013.07.21"]
[EventType "swiss"]
[EventRounds "9"]
[EventCountry "CAN"]

1. d4 Nf6 2. c4 e6 3. Nc3 Bb4 4. e3 O-O 5. Bd3 d5 6. a3 Bxc3+ 7. bxc3 dxc4 8.
Bxc4 c5 9. Bb2 Qc7 10. Bd3 b6 11. Qe2 Nbd7 12. Nf3 Bb7 13. e4 c4 14. Bc2 e5 15.
O-O Rfe8 16. d5 Nc5 17. a4 Ba6 18. Nd2 Nb7 19. Ba3 Nd7 20. Bb4 Ndc5 21. Qe3
Rac8 22. f4 Nd3 23. Bxd3 exf4 24. Rxf4 cxd3 25. Raf1 f6 26. Rg4 Qd7 27. Qg3 Kh8
28. Rh4 Qf7 29. Qh3 Qg8 30. Rf5 Rc7 31. c4 Nc5 32. d6 Rf7 33. Bxc5 Bc8 34. Bd4
1-0

[Event "Quebec op inv."]
[Site "Montreal CAN"]
[Date "2013.07.22"]
[Round "3.16"]
[White "Panjwani, Raja"]
[Black "Villavieja, Butch"]
[Result "1/2-1/2"]
[WhiteElo "2409"]
[BlackElo "2211"]
[PlyCount "107"]
[EventDate "2013.07.21"]
[EventType "swiss"]
[EventRounds "9"]
[EventCountry "CAN"]

1. c4 Nf6 2. Nc3 g6 3. e4 d6 4. d4 Bg7 5. Be2 Nc6 6. d5 Ne5 7. c5 O-O 8. cxd6
cxd6 9. Nf3 Nxf3+ 10. Bxf3 b5 11. a3 Nd7 12. O-O Rb8 13. Be2 a6 14. Be3 Nc5 15.
Rc1 f5 16. exf5 Bxf5 17. b4 Nb7 18. a4 bxa4 19. Nxa4 a5 20. Bb6 Qe8 21. bxa5
Nxa5 22. Bxa5 Ra8 23. Nb6 Rxa5 24. g4 Bd7 25. Rc7 Bb5 26. Qe1 Ra1 27. Bxb5 Rxe1
28. Bxe8 Rxf1+ 29. Kxf1 Rxe8 30. Nc8 Kf8 31. h4 h5 32. Kg2 hxg4 33. Kg3 Bd4 34.
Kxg4 Bxf2 35. Kg5 Bg3 36. Kxg6 Bxh4 37. Kf5 Bg3 38. Ke6 Bh4 39. Rc4 Bg5 40. Kf5
Bh6 41. Kg6 Bg7 42. Na7 Be5 43. Nc6 Bf6 44. Ra4 Kg8 45. Ra2 Bg7 46. Rh2 e5 47.
Rb2 e4 48. Rb7 Bf8 49. Nd4 Re7 50. Rxe7 Bxe7 51. Kf5 e3 52. Kf4 Bd8 53. Kxe3
Bf6 54. Ke4 1/2-1/2

[Event "Quebec op inv."]
[Site "Montreal CAN"]
[Date "2013.07.23"]
[Round "4.15"]
[White "Masse, Hugues"]
[Black "Panjwani, Raja"]
[Result "0-1"]
[WhiteElo "2187"]
[BlackElo "2409"]
[PlyCount "52"]
[EventDate "2013.07.21"]
[EventType "swiss"]
[EventRounds "9"]
[EventCountry "CAN"]

1. d4 Nf6 2. c4 e6 3. Nc3 Bb4 4. Qc2 O-O 5. a3 Bxc3+ 6. Qxc3 Qe8 7. Nf3 d6 8.
b4 Ne4 9. Qc2 f5 10. Bb2 a5 11. g3 axb4 12. axb4 Rxa1+ 13. Bxa1 b5 14. c5 Bb7
15. Bg2 Bd5 16. O-O Nc6 17. Bc3 Qa8 18. Rb1 Qa2 19. Rb2 Qa1+ 20. Bf1 Nxc3 21.
Qxc3 Ra8 22. cxd6 cxd6 23. Qd2 h6 24. Nh4 Nxd4 25. Ng6 Nxe2+ 26. Qxe2 Bc4 0-1

[Event "Quebec op inv."]
[Site "Montreal CAN"]
[Date "2013.07.24"]
[Round "5.12"]
[White "Panjwani, Raja"]
[Black "Thavandiran, Shiyam"]
[Result "1-0"]
[WhiteElo "2409"]
[BlackElo "2338"]
[PlyCount "89"]
[EventDate "2013.07.21"]
[EventType "swiss"]
[EventRounds "9"]
[EventCountry "CAN"]

1. d4 e6 2. c4 Nf6 3. Nf3 b6 4. a3 Ba6 5. Qc2 Bb7 6. Nc3 c5 7. dxc5 Bxc5 8. Bf4
O-O 9. Rd1 d5 10. e3 Qe7 11. cxd5 exd5 12. b4 Bd6 13. Bxd6 Qxd6 14. Nb5 Qe7 15.
Qc7 Nc6 16. Qxe7 Nxe7 17. Nfd4 Rfd8 18. Rc1 Rd7 19. g4 Nxg4 20. Bh3 f5 21. Nxf5
Nxf5 22. Bxg4 Rf8 23. Nd4 g6 24. Bxf5 gxf5 25. Rg1+ Kh8 26. f4 Rdf7 27. Kd2 Rg8
28. b5 Rg6 29. Rxg6 hxg6 30. Rg1 Kg7 31. Nf3 Kf6 32. Ne5 Rg7 33. h4 Bc8 34. a4
Be6 35. Rc1 Rh7 36. Rc6 Rxh4 37. Nf3 Rh8 38. Ng5 Re8 39. Kd3 Re7 40. Kd4 Re8
41. Kd3 Re7 42. Kc3 Re8 43. Kb4 Re7 44. a5 bxa5+ 45. Kxa5 1-0

[Event "Quebec op inv."]
[Site "Montreal CAN"]
[Date "2013.07.25"]
[Round "6.6"]
[White "Panjwani, Raja"]
[Black "Vera, Reynaldo"]
[Result "1-0"]
[WhiteElo "2409"]
[BlackElo "2462"]
[PlyCount "85"]
[EventDate "2013.07.21"]
[EventType "swiss"]
[EventRounds "9"]
[EventCountry "CAN"]

1. Nf3 Nf6 2. c4 e6 3. g3 d5 4. Bg2 dxc4 5. Qa4+ Nbd7 6. Qxc4 c5 7. a4 Bd6 8.
a5 O-O 9. d3 Rb8 10. O-O Nd5 11. Nc3 Nxc3 12. bxc3 b5 13. axb6 axb6 14. Qb5 Nf6
15. c4 Bd7 16. Qa6 Ra8 17. Qxa8 Qxa8 18. Rxa8 Rxa8 19. Bb2 Ra2 20. Rb1 Bc7 21.
Be5 Bd8 22. d4 Ne4 23. dxc5 Nxc5 24. Bd4 Kf8 25. Rd1 Ke8 26. Ne5 Ba4 27. Bc6+
Bxc6 28. Nxc6 Nd7 29. Bxg7 Rc2 30. Rd4 Rxe2 31. Nxd8 Kxd8 32. Rh4 Rc2 33. Rxh7
Rxc4 34. h4 Ke7 35. h5 Rc8 36. g4 Nf6 37. Bxf6+ Kxf6 38. f4 Rc4 39. g5+ Kf5 40.
Rxf7+ Kg4 41. g6 Kg3 42. Kf1 Kf3 43. Ke1 1-0

[Event "Quebec op inv."]
[Site "Montreal CAN"]
[Date "2013.07.26"]
[Round "7"]
[White "Rozentalis, Eduardas"]
[Black "Panjwani, Raja"]
[Result "1-0"]
[WhiteElo "2619"]
[BlackElo "2409"]
[PlyCount "97"]
[EventDate "2013.07.21"]
[EventType "swiss"]
[EventRounds "9"]
[EventCountry "CAN"]

1. e4 c5 2. Nf3 Nc6 3. Bb5 Nf6 4. e5 Nd5 5. Nc3 Nc7 6. Bxc6 dxc6 7. d3 Bg4 8.
h3 Bxf3 9. Qxf3 Ne6 10. Be3 Nd4 11. Qd1 Qc7 12. f4 O-O-O 13. O-O e6 14. Ne4 Be7
15. a4 f6 16. Bxd4 Rxd4 17. Qg4 f5 18. Qxg7 Rdd8 19. Nf6 c4 20. Kh2 cxd3 21.
Qf7 Bxf6 22. Qxe6+ Qd7 23. Qxf6 dxc2 24. Rac1 Qd3 25. Rf2 Rhg8 26. Qh4 Qe3 27.
Rfxc2 Rxg2+ 28. Kxg2 Rd2+ 29. Rxd2 Qxd2+ 30. Qf2 Qxc1 31. Kg3 Qc4 32. Kh4 Kd7
33. Qg3 Ke8 34. Kh5 Qf7+ 35. Kh6 a5 36. h4 b5 37. axb5 cxb5 38. h5 a4 39. Qg2
Qc4 40. Kxh7 Qxf4 41. Qc6+ Kd8 42. Qxb5 Qg5 43. Qb8+ Kd7 44. Qd6+ Kc8 45. h6 f4
46. Qf8+ Kd7 47. Qg7+ Qe7 48. Qxe7+ Kxe7 49. Kg6 1-0

[Event "Quebec op inv."]
[Site "Montreal CAN"]
[Date "2013.07.27"]
[Round "8.5"]
[White "Chirila, Ioan Christian"]
[Black "Panjwani, Raja"]
[Result "0-1"]
[WhiteElo "2528"]
[BlackElo "2409"]
[PlyCount "108"]
[EventDate "2013.07.21"]
[EventType "swiss"]
[EventRounds "9"]
[EventCountry "CAN"]

1. d4 Nf6 2. c4 e6 3. Nf3 b6 4. g3 Bb7 5. Bg2 Bb4+ 6. Bd2 a5 7. O-O O-O 8. Nc3
d6 9. Qc2 Bxc3 10. Bxc3 Be4 11. Qd2 Qc8 12. Rfd1 Qa6 13. Qf4 Nbd7 14. Ne5 Bxg2
15. Kxg2 Nb8 16. Ng4 Nxg4 17. Qxg4 Qxc4 18. Rac1 f5 19. Qf3 Qd5 20. Qxd5 exd5
21. Bd2 c6 22. Bf4 Rf6 23. e3 a4 24. h3 Kf7 25. Bg5 Re6 26. Bd8 Ke8 27. Bh4 Kd7
28. g4 fxg4 29. hxg4 a3 30. Rd2 Re4 31. Kh3 Na6 32. bxa3 Nc7 33. Rd3 c5 34.
dxc5 bxc5 35. Rb1 Rea4 36. Bg3 Rxa3 37. Rxa3 Rxa3 38. Rb6 Ra6 39. Rxa6 Nxa6 40.
Kg2 c4 41. Kf1 Nc5 42. f3 Nd3 43. Be1 Nxe1 44. Kxe1 d4 45. exd4 d5 46. f4 Kc6
47. f5 h6 48. Kd2 Kb5 49. Kc3 Ka4 50. Kb2 Kb4 51. Kc2 Ka3 52. Kb1 c3 53. Kc1 c2
54. Kxc2 Kxa2 0-1

[Event "Quebec op inv."]
[Site "Montreal CAN"]
[Date "2013.07.28"]
[Round "9.4"]
[White "Panjwani, Raja"]
[Black "Sambuev, Bator"]
[Result "1/2-1/2"]
[WhiteElo "2409"]
[BlackElo "2530"]
[PlyCount "95"]
[EventDate "2013.07.21"]
[EventType "swiss"]
[EventRounds "9"]
[EventCountry "CAN"]

1. c4 g6 2. d4 Nf6 3. Nc3 Bg7 4. e4 O-O 5. Be2 d6 6. Nf3 e5 7. O-O Nc6 8. d5
Ne7 9. Ne1 Nd7 10. Nd3 f5 11. Bd2 h6 12. f3 g5 13. exf5 Nxf5 14. Ne4 Nd4 15.
Ndf2 Nxe2+ 16. Qxe2 a5 17. b3 b6 18. a3 Nc5 19. Nxc5 bxc5 20. Ne4 Bf5 21. a4
Qe8 22. g4 Bg6 23. Qe1 Rf4 24. Bxf4 exf4 25. Ra2 Qb8 26. Qb1 Qb4 27. Qd3 Be5
28. Re2 Kg7 29. Kg2 Rh8 30. Rh1 Qb8 31. h3 Qb4 32. Qc2 Rb8 33. Rb1 Bd4 34. Qd3
Re8 35. Rbe1 Re5 36. Qd1 Kf8 37. Nf2 Re3 38. Rxe3 fxe3 39. Ne4 Kg7 40. Re2 Bxe4
41. fxe4 Qc3 42. Qc2 Qb4 43. e5 dxe5 44. Qf5 Qxb3 45. Qd7+ Kg6 46. Qe6+ Kg7 47.
Qe7+ Kg6 48. Qe6+ 1/2-1/2

[Event "CAN-op"]
[Site "Ottawa CAN"]
[Date "2013.07.14"]
[Round "2"]
[White "Wan, Kevin"]
[Black "Panjwani, Raja"]
[Result "0-1"]
[WhiteElo "2148"]
[BlackElo "2517"]
[PlyCount "82"]
[EventDate "2013.07.13"]
[EventType "swiss"]
[EventRounds "9"]
[EventCountry "CAN"]

1. e4 g6 2. d4 Bg7 3. c4 d6 4. Nc3 Nf6 5. f3 O-O 6. Be3 a6 7. Bd3 Nbd7 8. Nge2
c5 9. Qd2 cxd4 10. Nxd4 e6 11. Rd1 Qc7 12. O-O b6 13. b3 Bb7 14. Rc1 Rac8 15.
Rfd1 Qb8 16. a4 Rfe8 17. a5 bxa5 18. Na4 Qc7 19. Ne2 Bf8 20. Bd4 Bc6 21. Ra1
Rb8 22. Rdb1 Be7 23. Bc3 d5 24. exd5 exd5 25. Bxa5 Qa7+ 26. Kh1 Ne5 27. Bc3 Bd8
28. Bd4 Qe7 29. Bxe5 Qxe5 30. Qf4 Rxb3 31. Qxe5 Rxb1+ 32. Rxb1 Rxe5 33. Rb8
Bxa4 34. Rxd8+ Kg7 35. cxd5 Bb5 36. Bxb5 axb5 37. Ng1 Nxd5 38. g3 Nc3 39. Rc8
b4 40. Rb8 Rb5 41. Rxb5 Nxb5 0-1

[Event "CAN-op"]
[Site "Ottawa CAN"]
[Date "2013.07.14"]
[Round "3"]
[White "Panjwani, Raja"]
[Black "Djerkovic, Miladin"]
[Result "1-0"]
[WhiteElo "2517"]
[BlackElo "2287"]
[PlyCount "73"]
[EventDate "2013.07.13"]
[EventType "swiss"]
[EventRounds "9"]
[EventCountry "CAN"]

1. Nf3 Nf6 2. c4 e6 3. g3 d5 4. b3 c5 5. Bg2 Nc6 6. e3 Be7 7. O-O O-O 8. Bb2 b6
9. Nc3 Bb7 10. cxd5 Nxd5 11. Nxd5 Qxd5 12. Ne5 Qd6 13. d4 cxd4 14. exd4 Rac8
15. Nc4 Qd7 16. Qg4 f5 17. Qh5 Bf6 18. Rad1 Ne7 19. Bxb7 Qxb7 20. Nd6 Qd7 21.
Nxc8 Rxc8 22. Rc1 Rd8 23. Qe2 f4 24. Rfe1 Kf7 25. Qh5+ Kg8 26. Qg4 fxg3 27.
hxg3 Kf7 28. Rc2 Nd5 29. Rce2 Re8 30. Qh5+ Kg8 31. Qh3 Nc7 32. d5 Bxb2 33. Rxb2
Qxd5 34. Rbe2 Nb5 35. Rxe6 Rf8 36. R6e5 Qc6 37. Qg2 1-0

[Event "CAN-op"]
[Site "Ottawa CAN"]
[Date "2013.07.15"]
[Round "4.5"]
[White "Arencibia, Walter"]
[Black "Panjwani, Raja"]
[Result "1/2-1/2"]
[WhiteElo "2526"]
[BlackElo "2517"]
[PlyCount "71"]
[EventDate "2013.07.13"]
[EventType "swiss"]
[EventRounds "9"]
[EventCountry "CAN"]

1. e4 Nf6 2. e5 Nd5 3. d4 d6 4. c4 Nb6 5. exd6 cxd6 6. Nc3 g6 7. Be3 Bg7 8. Rc1
O-O 9. b3 Bf5 10. Nf3 d5 11. c5 Nc8 12. Be2 Nc6 13. O-O Bg4 14. b4 a6 15. Ne5
Bxe2 16. Nxc6 bxc6 17. Qxe2 e5 18. Qd2 Ne7 19. dxe5 Bxe5 20. Bd4 Bxd4 21. Qxd4
Nf5 22. Qd3 Qh4 23. a3 Rfe8 24. Rfe1 Qd4 25. Rxe8+ Rxe8 26. Qxd4 Nxd4 27. Kf1
Nb5 28. a4 Nxc3 29. Rxc3 Re4 30. b5 axb5 31. axb5 cxb5 32. c6 Re8 33. Rc5 b4
34. Rxd5 Rc8 35. Rb5 Rxc6 36. Rxb4 1/2-1/2

[Event "CAN-op"]
[Site "Ottawa CAN"]
[Date "2013.07.16"]
[Round "5"]
[White "Panjwani, Raja"]
[Black "Rozentalis, Eduardas"]
[Result "1/2-1/2"]
[WhiteElo "2517"]
[BlackElo "2601"]
[PlyCount "85"]
[EventDate "2013.07.13"]
[EventType "swiss"]
[EventRounds "9"]
[EventCountry "CAN"]

1. Nf3 Nf6 2. c4 e6 3. g3 d5 4. Bg2 dxc4 5. Qa4+ Bd7 6. Qxc4 Bc6 7. O-O Be7 8.
Qc2 O-O 9. d3 a5 10. Nc3 Na6 11. a3 Nc5 12. Be3 Ng4 13. Bxc5 Bxc5 14. d4 Bxd4
15. Rad1 e5 16. Nxd4 exd4 17. Bxc6 bxc6 18. Qe4 Nf6 19. Qxd4 Qc8 20. Qc4 Qb7
21. Rd2 Rae8 22. e3 Re5 23. Rfd1 Rfe8 24. e4 Qb6 25. Kg2 h6 26. f3 g5 27. Qd4
R5e6 28. h3 h5 29. Na4 Qxd4 30. Rxd4 g4 31. Nc5 Re5 32. Rc1 gxf3+ 33. Kxf3 Kg7
34. Nd3 Rxe4 35. Rxe4 Nxe4 36. Rxc6 Ng5+ 37. Kg2 Re2+ 38. Kf1 Rd2 39. Nf4 h4
40. gxh4 Nf3 41. Rc3 Nxh4 42. Rxc7 Rxb2 43. Rc4 1/2-1/2

[Event "CAN-op"]
[Site "Ottawa CAN"]
[Date "2013.07.17"]
[Round "6.9"]
[White "Kleinman, Michael"]
[Black "Panjwani, Raja"]
[Result "0-1"]
[WhiteElo "2367"]
[BlackElo "2517"]
[PlyCount "58"]
[EventDate "2013.07.13"]
[EventType "swiss"]
[EventRounds "9"]
[EventCountry "CAN"]

1. e4 g6 2. d4 Bg7 3. Nc3 c6 4. Nf3 d6 5. a4 Nf6 6. h3 O-O 7. Be3 Nbd7 8. Bd3
Qc7 9. O-O b6 10. Ne2 e5 11. Ng3 exd4 12. Bxd4 c5 13. Bc3 c4 14. Be2 Bb7 15.
Nd2 d5 16. exd5 Bxd5 17. Re1 Rad8 18. Bf3 Rfe8 19. Rxe8+ Rxe8 20. Qf1 Bh6 21.
Bxd5 Nxd5 22. Qxc4 Qxc4 23. Nxc4 Nxc3 24. bxc3 Rc8 25. Nd6 Rxc3 26. Re1 Bf8 27.
Ne8 Bc5 28. Re2 Rxg3 29. Rd2 Kf8 0-1

[Event "CAN-op"]
[Site "Ottawa CAN"]
[Date "2013.07.18"]
[Round "7"]
[White "Panjwani, Raja"]
[Black "Hambleton, Aman"]
[Result "0-1"]
[WhiteElo "2517"]
[BlackElo "2580"]
[PlyCount "31"]
[EventDate "2013.07.13"]
[EventType "swiss"]
[EventRounds "9"]
[EventCountry "CAN"]

1. Nf3 Nf6 2. c4 c5 3. g3 b6 4. Bg2 Bb7 5. O-O e6 6. Nc3 a6 7. d4 cxd4 8. Qxd4
d6 9. Bg5 Nbd7 10. Nd2 Bxg2 11. Kxg2 Qc7 12. Nde4 Be7 13. Bf4 e5 14. Nd5 Qd8
15. Qe3 Nxd5 16. cxd5 0-1

[Event "CAN-op"]
[Site "Ottawa CAN"]
[Date "2013.07.19"]
[Round "8"]
[White "Kiewra, Keaton"]
[Black "Panjwani, Raja"]
[Result "1/2-1/2"]
[WhiteElo "2423"]
[BlackElo "2517"]
[PlyCount "41"]
[EventDate "2013.07.13"]
[EventType "swiss"]
[EventRounds "9"]
[EventCountry "CAN"]

1. d4 Nf6 2. c4 e6 3. Nc3 Bb4 4. Qc2 O-O 5. a3 Bxc3+ 6. Qxc3 Qe8 7. g3 d6 8.
Bg2 a5 9. b3 Ra7 10. Nf3 a4 11. b4 b5 12. O-O Bb7 13. cxb5 Qxb5 14. Qxc7 Bxf3
15. Qxa7 Bxg2 16. Kxg2 Nc6 17. Qc7 Rd8 18. Bg5 Rd7 19. Qc8+ Rd8 20. Qc7 Rd7 21.
Qc8+ 1/2-1/2

[Event "CAN-op"]
[Site "Ottawa CAN"]
[Date "2013.07.20"]
[Round "9"]
[White "Panjwani, Raja"]
[Black "Ivanov, Mike"]
[Result "1-0"]
[WhiteElo "2517"]
[BlackElo "2252"]
[PlyCount "91"]
[EventDate "2013.07.13"]
[EventType "swiss"]
[EventRounds "9"]
[EventCountry "CAN"]

1. Nf3 Nf6 2. c4 g6 3. Nc3 Bg7 4. e4 d6 5. d4 O-O 6. Be2 e5 7. Be3 h6 8. d5 Ng4
9. Bd2 f5 10. O-O a5 11. g3 f4 12. Nh4 Qg5 13. Ng2 h5 14. Qc1 Qe7 15. f3 Nf6
16. gxf4 Bh3 17. Kh1 exf4 18. Nxf4 Bxf1 19. Bxf1 Kh7 20. Bh3 Nbd7 21. Ne6 Ne5
22. f4 Nfg4 23. Qf1 Rf7 24. Qe2 Bh6 25. Rf1 Qh4 26. Kg2 Nd7 27. Be1 Qe7 28.
Bxg4 hxg4 29. Qxg4 Nf6 30. Qh3 Nh5 31. f5 Rg8 32. Kh1 Qf6 33. e5 Qxe5 34. fxg6+
Kxg6 35. Qg2+ Bg5 36. Rg1 Rf5 37. Bd2 Kh6 38. Nxg5 Rgxg5 39. h4 Nf4 40. hxg5+
Kg6 41. Qh2 Rf8 42. Bxf4 Rxf4 43. Qh6+ Kf7 44. g6+ Ke7 45. g7 Rf6 46. g8=N+ 1-0

[Event "Big Slick GM"]
[Site "Purley ENG"]
[Date "2013.06.23"]
[Round "2"]
[White "Panjwani, Raja"]
[Black "Zhou, Y."]
[Result "0-1"]
[WhiteElo "2409"]
[BlackElo "2469"]
[PlyCount "60"]
[EventDate "2013.06.22"]
[EventType "tourn"]
[EventRounds "9"]
[EventCountry "ENG"]
[EventCategory "7"]
[Source "Mark Crowther"]
[SourceDate "2013.06.24"]

1. d4 Nf6 2. c4 g6 3. Nc3 Bg7 4. e4 d6 5. Nf3 O-O 6. Be2 e5 7. Be3 exd4 8. Nxd4
Re8 9. f3 c6 10. Bf2 d5 11. exd5 cxd5 12. O-O Nc6 13. c5 Bf8 14. Bb5 Bd7 15.
Bxc6 bxc6 16. b4 Nh5 17. Qd2 Qf6 18. g3 Ng7 19. Kg2 Nf5 20. Nxf5 Qxf5 21. g4
Qf6 22. Bd4 Bh6 23. f4 Qh4 24. h3 a5 25. bxa5 Rxa5 26. Nxd5 cxd5 27. Qxa5 Bxg4
28. Qa3 Bf5 29. Qg3 Re2+ 30. Bf2 Be4+ 0-1

[Event "Big Slick GM"]
[Site "Purley ENG"]
[Date "2013.06.24"]
[Round "3"]
[White "Radovanovic, Jovica"]
[Black "Panjwani, Raja"]
[Result "1/2-1/2"]
[WhiteElo "2360"]
[BlackElo "2409"]
[PlyCount "92"]
[EventDate "2013.06.22"]
[EventType "tourn"]
[EventRounds "9"]
[EventCountry "ENG"]
[EventCategory "7"]
[Source "Mark Crowther"]
[SourceDate "2013.06.24"]

1. Nf3 Nf6 2. c4 c5 3. Nc3 e6 4. e3 d5 5. d4 Nc6 6. a3 Bd6 7. dxc5 Bxc5 8. b4
Be7 9. Bb2 O-O 10. cxd5 exd5 11. Be2 Be6 12. Nd4 a5 13. Nxe6 fxe6 14. b5 Nb8
15. O-O Nbd7 16. Na4 Bd6 17. Bg4 Qe7 18. Bh3 Rae8 19. f3 Ne5 20. Bxe5 Bxe5 21.
Ra2 Rc8 22. Rc2 Rxc2 23. Qxc2 Qxa3 24. Bxe6+ Kh8 25. Qc5 Qxc5 26. Nxc5 Re8 27.
Bh3 Bc7 28. Na4 Rxe3 29. Rc1 Bd8 30. Kf1 d4 31. Rd1 d3 32. Bf5 Bc7 33. Bxd3
Bxh2 34. Be4 Bg3 35. Bxb7 g5 36. Bc6 Re6 37. Nc5 Rd6 38. Rxd6 Bxd6 39. Ne4 Nxe4
40. Bxe4 a4 41. Ke2 a3 42. Bd5 Kg7 43. g4 Kf6 44. Ba2 Ke5 45. Kd3 Kf4 46. Ke2
Bc5 1/2-1/2

[Event "Big Slick GM"]
[Site "Purley ENG"]
[Date "2013.06.25"]
[Round "4"]
[White "Panjwani, Raja"]
[Black "Lalic, Bogdan"]
[Result "0-1"]
[WhiteElo "2409"]
[BlackElo "2489"]
[PlyCount "72"]
[EventDate "2013.06.22"]
[EventType "tourn"]
[EventRounds "9"]
[EventCountry "ENG"]
[EventCategory "7"]
[Source "Mark Crowther"]
[SourceDate "2013.07.01"]

1. Nf3 d5 2. c4 e6 3. g3 Nf6 4. Bg2 dxc4 5. Qa4+ c6 6. Qxc4 b5 7. Qc2 Bb7 8.
O-O Nbd7 9. a4 Rc8 10. d3 a6 11. Nc3 Be7 12. e4 b4 13. Nb1 b3 14. Qc4 a5 15. e5
Nd5 16. Qg4 Kf8 17. Qh5 h6 18. Nbd2 Ba6 19. Nc4 Nc5 20. Nd6 Bxd6 21. exd6 Nxd3
22. Rd1 Qxd6 23. Bf1 N3b4 24. Ne5 Qe7 25. Be3 Kg8 26. Bc5 Qe8 27. Bxb4 Bxf1 28.
Bxa5 Ba6 29. Rac1 c5 30. Qg4 h5 31. Qe4 h4 32. Bc3 hxg3 33. fxg3 f6 34. Ng4 f5
35. Qe5 Nxc3 36. Rd6 Ne2+ 0-1

[Event "Big Slick GM"]
[Site "Purley ENG"]
[Date "2013.06.27"]
[Round "6"]
[White "Panjwani, Raja"]
[Black "Nemcova, Katerina"]
[Result "1-0"]
[WhiteElo "2409"]
[BlackElo "2382"]
[PlyCount "83"]
[EventDate "2013.06.22"]
[EventType "tourn"]
[EventRounds "9"]
[EventCountry "ENG"]
[EventCategory "7"]
[Source "Mark Crowther"]
[SourceDate "2013.07.01"]

1. Nf3 Nf6 2. c4 e6 3. g3 a6 4. Qa4 Be7 5. Bg2 O-O 6. O-O d5 7. d4 dxc4 8. Qxc4
b5 9. Qc2 Bb7 10. Bd2 Nbd7 11. Ba5 Rc8 12. Nbd2 Qe8 13. b4 Nb8 14. Ne5 Bxg2 15.
Kxg2 Bd6 16. Ndf3 Nd5 17. a3 Nb6 18. Rfc1 f6 19. Nd3 Nc4 20. Nd2 Nxa5 21. bxa5
e5 22. Qb3+ Kh8 23. d5 f5 24. Nc5 Rf6 25. a4 Qh5 26. Qf3 Qf7 27. axb5 axb5 28.
Ne6 Na6 29. Rab1 Nb4 30. a6 Nxa6 31. Rxb5 Nb8 32. Nc4 Rg8 33. Rb7 e4 34. Qb3
Qe8 35. Nxd6 cxd6 36. Rcc7 Na6 37. Re7 Qh5 38. Nxg7 Qxe2 39. Ne8 Qf3+ 40. Qxf3
exf3+ 41. Kxf3 Rh6 42. Nf6 1-0

[Event "Big Slick GM"]
[Site "Purley ENG"]
[Date "2013.06.28"]
[Round "7"]
[White "Longson, Alexander"]
[Black "Panjwani, Raja"]
[Result "1/2-1/2"]
[WhiteElo "2279"]
[BlackElo "2409"]
[PlyCount "118"]
[EventDate "2013.06.22"]
[EventType "tourn"]
[EventRounds "9"]
[EventCountry "ENG"]
[EventCategory "7"]
[Source "Mark Crowther"]
[SourceDate "2013.07.01"]

1. e4 c5 2. Nf3 e6 3. d3 Nc6 4. c3 d5 5. Qe2 Nf6 6. Nbd2 Be7 7. g3 b6 8. Bg2
Bb7 9. O-O Qc7 10. Re1 O-O-O 11. a3 h6 12. b4 dxe4 13. dxe4 g5 14. e5 Nd5 15.
c4 Nc3 16. Qe3 cxb4 17. axb4 g4 18. Nh4 Bxb4 19. Ba3 Qe7 20. Bxb4 Qxb4 21. Ne4
Nxe4 22. Bxe4 Qc5 23. Qxc5 bxc5 24. Bxc6 Bxc6 25. Ng2 Rd7 26. Ne3 Bf3 27. Ra5
Rc7 28. Rea1 Kb8 29. Kf1 Ka8 30. Rb5 Rb8 31. Ke1 Rxb5 32. cxb5 Rd7 33. b6 Rb7
34. bxa7 Rxa7 35. Rxa7+ Kxa7 36. Nc4 Be4 37. Kd2 Bg6 38. Kc3 Kb7 39. Ne3 h5 40.
Ng2 Kc6 41. Kc4 Be4 42. Nf4 Bd5+ 43. Kc3 Kb5 44. Nxh5 Be4 45. Nf6 Bf5 46. Ne8
c4 47. Nd6+ Kc5 48. Nxc4 Kd5 49. Nd6 Bg6 50. Nc4 Ke4 51. Kd2 Kf3 52. Ke1 Ke4
53. Kd2 Bh5 54. Ke2 Kd4 55. Ne3 Kxe5 56. Ng2 Bg6 57. Nf4 Bf5 58. Ke3 Be4 59. h3
gxh3 1/2-1/2

[Event "Big Slick GM"]
[Site "Purley ENG"]
[Date "2013.06.29"]
[Round "8"]
[White "Panjwani, Raja"]
[Black "Franklin, Samuel"]
[Result "1-0"]
[WhiteElo "2409"]
[BlackElo "2357"]
[PlyCount "95"]
[EventDate "2013.06.22"]
[EventType "tourn"]
[EventRounds "9"]
[EventCountry "ENG"]
[EventCategory "7"]
[Source "Mark Crowther"]
[SourceDate "2013.07.01"]

1. e4 e5 2. Nf3 Nc6 3. Bb5 a6 4. Ba4 Nf6 5. O-O b5 6. Bb3 Bc5 7. a4 Rb8 8. axb5
axb5 9. Nxe5 Nxe5 10. d4 Bxd4 11. Qxd4 d6 12. f4 Nc6 13. Qc3 Ne7 14. Be3 Bb7
15. Ba7 Ra8 16. Nd2 O-O 17. e5 Ne4 18. Nxe4 Bxe4 19. Qb4 Bd5 20. Bxd5 Nxd5 21.
Qxb5 dxe5 22. fxe5 Rxa7 23. Rxa7 Ne3 24. Qd3 Qxd3 25. cxd3 Nxf1 26. Kxf1 Rc8
27. d4 Kf8 28. d5 Rd8 29. Ra5 Ke7 30. Rc5 Kd7 31. d6 cxd6 32. Rd5 Rb8 33. Rxd6+
Ke7 34. Rd2 Ke6 35. Re2 h5 36. Ke1 h4 37. Kd1 g5 38. Kc1 g4 39. Rf2 Rb4 40.
Rf6+ Kxe5 41. Rxf7 Rb3 42. Kc2 h3 43. Re7+ Kf5 44. Kxb3 hxg2 45. Re1 Kf4 46.
Kc2 Kf3 47. b4 Kf2 48. Kd2 1-0